| 000 | 01195nam a22003497a 4500 | ||
|---|---|---|---|
| 001 | 249 | ||
| 003 | FISKH | ||
| 005 | 20230310085345.0 | ||
| 008 | 230310b cb ||||| |||| 00| 0 eng d | ||
| 020 | _a9780545209229 | ||
| 040 |
_aDLC _cDLC _dDLC _dFISKH _beng |
||
| 042 | _alcac | ||
| 050 | 0 | 0 |
_aPZ7.G3626 _bEl 2008 |
| 082 | 0 | 0 |
_a443 _222 |
| 100 | 1 | _aGiff, Patricia Reilly. | |
| 245 | 1 | 0 |
_aEleven / _cPatricia Reilly Giff. |
| 260 |
_aNew York _bScholastic _c2009 |
||
| 300 |
_a164 p. ; _c20 cm. |
||
| 505 | _aK | ||
| 520 | _aWhen Sam, who can barely read, discovers an old newspaper clipping just before his eleventh birthday, it brings forth memories from his past, and, with the help of a new friend at school and the castle they are building for a school project, his questions are eventually answered. | ||
| 521 | 8 |
_a600
_bLexile |
|
| 521 | 8 |
_aK
_bRaz-Plus |
|
| 650 | 1 |
_aWoodwork _vFiction. |
|
| 650 | 1 |
_aOrphans _vFiction. |
|
| 650 | 1 |
_aGrandfathers _vFiction. |
|
| 650 | 1 |
_aMemory _vFiction. |
|
| 650 | 1 |
_aReading _vFiction. |
|
| 650 | 1 |
_aSchools _vFiction. |
|
| 651 | 1 |
_aNew York (State) _vFiction. |
|
| 906 |
_a7 _bcbc _corignew _d1 _eecip _f20 _gy-gencatlg |
||
| 942 |
_2ddc _cBK _n0 |
||
| 999 |
_c249 _d249 |
||